| 000 | 00399nam a2200145 a 4500 | ||
|---|---|---|---|
| 005 | 20140414093848.0 | ||
| 008 | 110526s19uu xx 00 eng d | ||
| 050 |
_aDVD 909 _bCHR |
||
| 100 | _aMarch, Frederic | ||
| 245 |
_aChrstpher Columbus : _bThe classic 1949 production / _cFrederic March. |
||
| 260 |
_aWorcester, PA : _bVision Video. |
||
| 650 | _aHistory | ||
| 942 | _cAVM | ||
| 999 |
_c109751 _d109751 |
||